[Event "Stare Mesto op"]
[Site "Stare Mesto"]
[Date "2013.08.17"]
[Round "10"]
[White "Kolomaznikova, Barbora"]
[Black "Cip, Dalibor"]
[Result "0-1"]
[WhiteElo "1996"]
[BlackElo "2103"]
[PlyCount "70"]
[EventDate "2013.08.09"]
[EventType "swiss"]
[EventRounds "10"]
[EventCountry "CZE"]
[SourceTitle "CBM 155 Extra"]
[Source "ChessBase"]
[SourceDate "2013.08.26"]
[SourceVersion "1"]
[SourceVersionDate "2013.08.26"]
[SourceQuality "1"]

1. e4 d6 2. d4 Nf6 3. Nc3 g6 4. f3 c6 5. Be3 Nbd7 6. Qd2 b5 7. g4 Nb6 8. h4 h5 9. g5 Nfd7 10. b3 Bg7 11. Rd1 Qc7 12. Bg2 Bb7 13. Nh3 0-0-0 14. 0-0 d5 15. e5 e6 16. Nf2 Kb8 17. a4 bxa4 18. Nxa4 Nxa4 19. bxa4 Nb6 20. Ra1 Nc4 21. Qc3 c5 22. f4 Bf8 23. Rfb1 Nxe3 24. Qxe3 cxd4 25. Qxd4 Bc5 26. Qb2 Rd7 27. Kf1 Bxf2 28. Kxf2 Rc8 29. Ra2 Qc5+ 30. Kg3 Qe3+ 31. Bf3 Rc4 32. Qc1 Qxc1 33. Rxc1 Rdc7 34. Be2 Rc3+ 35. Bd3 Rxd3+ 0-1

[Event "Stare Mesto op"]
[Site "Stare Mesto"]
[Date "2012.08.16"]
[Round "8"]
[White "Kolomaznikova, Barbora"]
[Black "Uricar, Jakub"]
[Result "1/2-1/2"]
[WhiteElo "1995"]
[BlackElo "2203"]
[PlyCount "103"]
[EventDate "2012.08.10"]
[EventType "swiss"]
[EventRounds "10"]
[EventCountry "CZE"]
[SourceTitle "CBM 149 Extra"]
[Source "ChessBase"]
[SourceDate "2012.08.24"]
[SourceVersion "1"]
[SourceVersionDate "2012.08.24"]
[SourceQuality "1"]

1. e4 g6 2. d4 d6 3. Nc3 Bg7 4. Be3 Nd7 5. f3 c6 6. Qd2 Qa5 7. g4 Rb8 8. h4 h5 9. g5 b5 10. f4 b4 11. Nce2 e6 12. Ng3 Ne7 13. Nf3 0-0 14. Be2 Ba6 15. 0-0 Rfe8 16. a3 Bxe2 17. Nxe2 Rb7 18. axb4 Qc7 19. Rad1 Reb8 20. c3 a5 21. Ng3 d5 22. Ne5 Nxe5 23. fxe5 axb4 24. c4 dxc4 25. Qf2 Rf8 26. Rc1 c3 27. bxc3 b3 28. Rb1 Qa5 29. Qd2 Qb5 30. Rb2 Qc4 31. Rc1 c5 32. Qe2 Qxe2 33. Nxe2 c4 34. Ra1 Rc8 35. Kf2 Rcc7 36. Bc1 Ra7 37. Rbb1 Bf8 38. Ke3 Nc6 39. Bb2 Be7 40. Nc1 Kf8 41. Ne2 Ke8 42. Nc1 Rxa1 43. Rxa1 Ra7 44. Rxa7 Nxa7 45. Ne2 Nb5 46. Kd2 Kd7 47. Kc1 Ba3 48. Ng3 Kc6 49. Nf1 Nxc3 50. Bxa3 Ne2+ 51. Kd2 Nxd4 52. Kc3 1/2-1/2

[Event "EU-ch U18 Girls"]
[Site "Albena"]
[Date "2011.09.19"]
[Round "8"]
[White "Kolomaznikova, Barbora"]
[Black "Kolaric, Spela"]
[Result "1-0"]
[WhiteElo "1985"]
[BlackElo "2102"]
[PlyCount "61"]
[EventDate "2011.09.11"]
[EventType "swiss"]
[EventRounds "9"]
[EventCountry "BUL"]
[SourceTitle "CBM 144 Extra"]
[Source "ChessBase"]
[SourceDate "2011.10.28"]
[SourceVersion "1"]
[SourceVersionDate "2011.10.28"]
[SourceQuality "1"]

1. e4 d5 2. exd5 Qxd5 3. Nc3 Qa5 4. d4 Nf6 5. Bd2 c6 6. Bc4 Bg4 7. f3 Bf5 8. g4 Bg6 9. f4 e6 10. d5 cxd5 11. Nxd5 Qc5 12. Nxf6+ gxf6 13. Qe2 Be7 14. 0-0-0 Nd7 15. Bc3 a6 16. Nf3 b5 17. Bb3 a5 18. f5 a4 19. Bxe6 fxe6 20. fxg6 hxg6 21. Qxe6 Nf8 22. Qe4 Rc8 23. Bxf6 Qxc2+ 24. Qxc2 Rxc2+ 25. Kxc2 Bxf6 26. Rhe1+ Kf7 27. g5 Be7 28. h4 Ne6 29. Ne5+ Kg7 30. Rd7 Rc8+ 31. Kb1 1-0

[Event "EU-ch U18 Girls"]
[Site "Albena"]
[Date "2011.09.11"]
[Round "1"]
[White "Arabidze, Meri"]
[Black "Kolomaznikova, Barbora"]
[Result "1-0"]
[WhiteElo "2332"]
[BlackElo "1985"]
[PlyCount "47"]
[EventDate "2011.09.11"]
[EventType "swiss"]
[EventRounds "9"]
[EventCountry "BUL"]
[SourceTitle "EXT 2012"]
[Source "ChessBase"]
[SourceDate "2011.11.24"]
[SourceVersion "1"]
[SourceVersionDate "2011.11.24"]
[SourceQuality "1"]

1. d4 Nf6 2. c4 e6 3. Nf3 b6 4. a3 Bb7 5. Nc3 d5 6. cxd5 Nxd5 7. e3 Be7 8. Bb5+ c6 9. Bd3 0-0 10. 0-0 c5 11. e4 Nf6 12. dxc5 Bxc5 13. e5 Nd5 14. Bxh7+ Kh8 15. Ng5 g6 16. Nce4 Nd7 17. Qf3 Nxe5 18. Qh3 Kg7 19. Bg8 Rxg8 20. Qh7+ Kf8 21. Nxe6+ fxe6 22. Bh6+ Ke8 23. Qxg8+ Kd7 24. Qg7+ 1-0

[Event "Stare Mesto op"]
[Site "Stare Mesto"]
[Date "2011.08.13"]
[Round "3"]
[White "Kolomaznikova, Barbora"]
[Black "Kratochvil, Josef"]
[Result "1-0"]
[WhiteElo "1979"]
[BlackElo "2230"]
[PlyCount "75"]
[EventDate "2011.08.12"]
[EventType "swiss"]
[EventRounds "10"]
[EventCountry "CZE"]
[SourceTitle "CBM 143 Extra"]
[Source "ChessBase"]
[SourceDate "2011.08.29"]
[SourceVersion "1"]
[SourceVersionDate "2011.08.29"]
[SourceQuality "1"]

1. e4 c5 2. Nc3 a6 3. g3 b5 4. Bg2 Bb7 5. d3 e6 6. f4 Nf6 7. Nf3 d6 8. 0-0 Qc7 9. h3 Nc6 10. Be3 Be7 11. Qe1 h5 12. a3 g6 13. Ng5 Nd4 14. Qf2 d5 15. Rae1 Rd8 16. Kh1 dxe4 17. dxe4 0-0 18. Rd1 Qb6 19. Nf3 Nxe4 20. Nxe4 Bxe4 21. Nxd4 cxd4 22. Bxd4 Qc6 23. c3 Rd7 24. Bxe4 Qxe4+ 25. Kh2 Rfd8 26. Rfe1 Qc6 27. Re2 h4 28. g4 g5 29. Kg1 Rd5 30. Rde1 gxf4 31. Qxf4 Bg5 32. Qf2 Qc4 33. Re5 Qd3 34. Rxg5+ Rxg5 35. Qxh4 Rxd4 36. Qxg5+ Kf8 37. Qh6+ Ke7 38. Qh4+ 1-0

[Event "Stare Mesto op"]
[Site "Stare Mesto"]
[Date "2011.08.13"]
[Round "2"]
[White "Pagerka, Martin"]
[Black "Kolomaznikova, Barbora"]
[Result "0-1"]
[WhiteElo "2223"]
[BlackElo "1979"]
[PlyCount "44"]
[EventDate "2011.08.12"]
[EventType "swiss"]
[EventRounds "10"]
[EventCountry "CZE"]
[SourceTitle "CBM 143 Extra"]
[Source "ChessBase"]
[SourceDate "2011.08.29"]
[SourceVersion "1"]
[SourceVersionDate "2011.08.29"]
[SourceQuality "1"]

1. e4 e5 2. Nf3 Nf6 3. d4 exd4 4. e5 Ne4 5. Qxd4 d5 6. exd6 Nxd6 7. Bg5 f6 8. Bf4 Nc6 9. Qd2 Bf5 10. Nc3 Qe7+ 11. Be3 0-0-0 12. Nd4 Ne5 13. 0-0-0 Bd7 14. b3 Qf7 15. f4 Nc6 16. Nxc6 Bxc6 17. Bxa7 Be7 18. Qf2 Ne4 19. Bc4 Ba3+ 20. Kb1 Nxc3+ 21. Ka1 Nxd1 22. Qg3 Qg6 0-1

[Event "CZE-chT2E 1011"]
[Site "Czech Republic"]
[Date "2011.03.27"]
[Round "10.8"]
[White "Kolomaznikova, Barbora"]
[Black "Lasak, Radek"]
[Result "0-1"]
[WhiteElo "1959"]
[BlackElo "2072"]
[PlyCount "106"]
[EventDate "2010.10.17"]
[EventType "team-tourn"]
[EventRounds "11"]
[EventCountry "CZE"]
[SourceTitle "EXT 2012"]
[Source "ChessBase"]
[SourceDate "2011.11.24"]
[SourceVersion "1"]
[SourceVersionDate "2011.11.24"]
[SourceQuality "1"]
[WhiteTeam "Zlin III"]
[BlackTeam "Prostejov"]
[WhiteTeamCountry "CZE"]
[BlackTeamCountry "CZE"]

1. e4 c5 2. Nc3 Nc6 3. g3 g6 4. Bg2 Bg7 5. d3 e6 6. f4 Nge7 7. Nf3 Rb8 8. 0-0 d5 9. e5 b5 10. Kh1 b4 11. Ne2 a5 12. g4 h5 13. gxh5 Rxh5 14. Ng3 Rh8 15. Be3 Qb6 16. Qe1 Bb7 17. Qf2 d4 18. Bd2 Nf5 19. Ng5 Nce7 20. N5e4 Rc8 21. c3 Kd7 22. Ng5 Nxg3+ 23. Qxg3 Nf5 24. Qf2 Bxg2+ 25. Qxg2 Ke7 26. Ne4 Rh5 27. Ng3 Nxg3+ 28. Qxg3 bxc3 29. bxc3 Qb2 30. f5 Qxd2 31. f6+ Kf8 32. fxg7+ Kxg7 33. cxd4 cxd4 34. Rf2 Qe3 35. Qg2 Qxe5 36. Raf1 Rc7 37. Re2 Qd5 38. Rb1 Qxg2+ 39. Kxg2 Rhc5 40. Rbb2 Rc3 41. Red2 e5 42. Kf1 f5 43. Rb5 R3c5 44. Rb6 R7c6 45. Rbb2 Kf6 46. Ke2 Rd5 47. Kf3 g5 48. h3 e4+ 49. dxe4 Rc3+ 50. Kg2 fxe4 51. Rb6+ Ke5 52. Rg6 Kf5 53. Rb6 e3 0-1

[Event "Kouty nad Desnou op-A"]
[Site "Kouty nad Desnou"]
[Date "2011.03.17"]
[Round "7"]
[White "Kolomaznikova, Barbora"]
[Black "Kawulok, Marek"]
[Result "0-1"]
[WhiteElo "1990"]
[BlackElo "2035"]
[PlyCount "128"]
[EventDate "2011.03.12"]
[EventType "swiss"]
[EventRounds "9"]
[EventCountry "CZE"]
[SourceTitle "EXT 2014"]
[Source "ChessBase"]
[SourceDate "2013.11.20"]
[SourceVersion "1"]
[SourceVersionDate "2013.11.20"]
[SourceQuality "1"]

1. e4 c5 2. Nc3 Nc6 3. g3 g6 4. Bg2 Bg7 5. d3 e6 6. f4 d6 7. Nf3 Nge7 8. 0-0 0-0 9. Be3 b6 10. Qd2 Ba6 11. Rfe1 Qc7 12. g4 f5 13. exf5 exf5 14. Ng5 Qd7 15. Bf2 fxg4 16. Ne6 Rf7 17. Nxg7 Kxg7 18. Nd5 Raf8 19. Qc3+ Kg8 20. Bh4 Nxd5 21. Bxd5 Nd4 22. Kf2 Bb7 23. Re7 Bxd5 24. Rxd7 Rxd7 25. Re1 Rxf4+ 26. Ke3 Rf5 27. Kd2 Nf3+ 28. Kc1 Nxe1 29. Qxe1 Re5 30. Qd2 Rf7 31. b3 Bf3 32. Bg3 Re6 33. Qg5 Kg7 34. Kb2 h6 35. Qd2 d5 36. Qc3+ d4 37. Qc4 Ree7 38. Qa6 Bd1 39. Qc8 g5 40. Qb8 Kg6 41. Qd6+ Kh5 42. Kc1 Bf3 43. Qd8 Re6 44. Qg8 Rfe7 45. Qf8 Re2 46. Kb2 a5 47. Qf6 R7e6 48. Qf7+ Rg6 49. a4 Rg2 50. Qe8 Bd1 51. Kc1 Bf3 52. Kb2 Bc6 53. Qf7 Re2 54. Qf5 Re3 55. Qf7 Be8 56. Qf8 Rge6 57. Qg8 Bg6 58. Kc1 Re2 59. Qc8 Re8 60. Qc6 Rf8 61. Kd1 Rfe8 62. Kc1 R8e3 63. Qxb6 Rf3 64. Qb5 Bxd3 0-1

[Event "Kouty nad Desnou op-A"]
[Site "Kouty nad Desnou"]
[Date "2011.03.16"]
[Round "6"]
[White "Splichal, Petr"]
[Black "Kolomaznikova, Barbora"]
[Result "1/2-1/2"]
[WhiteElo "2038"]
[BlackElo "1990"]
[PlyCount "45"]
[EventDate "2011.03.12"]
[EventType "swiss"]
[EventRounds "9"]
[EventCountry "CZE"]
[SourceTitle "EXT 2014"]
[Source "ChessBase"]
[SourceDate "2013.11.20"]
[SourceVersion "1"]
[SourceVersionDate "2013.11.20"]
[SourceQuality "1"]

1. d4 Nf6 2. Bg5 Ne4 3. Bf4 c5 4. d5 Qb6 5. Qc1 e6 6. dxe6 dxe6 7. c3 g5 8. Bg3 Nc6 9. Na3 h5 10. Nc4 Qd8 11. Qc2 Nxg3 12. hxg3 b5 13. Rd1 Qc7 14. Na3 a6 15. e4 Bb7 16. Be2 h4 17. gxh4 Rxh4 18. Rxh4 gxh4 19. Nf3 Be7 20. Qc1 Rd8 21. Rxd8+ Nxd8 22. Bd3 Nc6 23. Qh6 1/2-1/2

[Event "Kouty nad Desnou op-A"]
[Site "Kouty nad Desnou"]
[Date "2011.03.15"]
[Round "5"]
[White "Kolomaznikova, Barbora"]
[Black "Janacek, Jaroslav"]
[Result "1/2-1/2"]
[WhiteElo "1990"]
[BlackElo "2059"]
[PlyCount "64"]
[EventDate "2011.03.12"]
[EventType "swiss"]
[EventRounds "9"]
[EventCountry "CZE"]
[SourceTitle "EXT 2014"]
[Source "ChessBase"]
[SourceDate "2013.11.20"]
[SourceVersion "1"]
[SourceVersionDate "2013.11.20"]
[SourceQuality "1"]

1. e4 d6 2. d4 Nf6 3. Nc3 g6 4. f4 Bg7 5. Nf3 c5 6. dxc5 Qa5 7. Bd3 Qxc5 8. Qe2 0-0 9. Be3 Qa5 10. 0-0 Nc6 11. h3 Nd7 12. Nd1 Nc5 13. g4 Nxd3 14. Qxd3 b6 15. Bd2 Qa6 16. Qe3 Qc4 17. Bc3 Ba6 18. Rf2 e5 19. f5 f6 20. Nd2 Qf7 21. Qg3 Bh6 22. Ne3 Bf4 23. Qf3 Ne7 24. Ng2 g5 25. h4 h6 26. Nxf4 gxf4 27. Rg2 Kh8 28. Bb4 Rad8 29. Qa3 Bb7 30. Bxd6 Rfe8 31. Re1 Nc6 32. Nf3 a5 1/2-1/2

[Event "CZE-chT U20 final-A 0910"]
[Site "Pavla Vlachovice"]
[Date "2010.04.24"]
[Round "10.3"]
[White "Kolomaznikova, Barbora"]
[Black "Straka, Vojtech"]
[Result "1/2-1/2"]
[WhiteElo "1947"]
[BlackElo "2036"]
[PlyCount "59"]
[EventDate "2010.04.23"]
[EventType "team-tourn"]
[EventRounds "11"]
[EventCountry "CZE"]
[SourceTitle "EXT 2011"]
[Source "ChessBase"]
[SourceDate "2010.11.26"]
[SourceVersion "1"]
[SourceVersionDate "2010.11.26"]
[SourceQuality "1"]
[WhiteTeam "Borsice (U20)"]
[BlackTeam "Praha Oaza (U20)"]
[WhiteTeamCountry "CZE"]
[BlackTeamCountry "CZE"]

1. e4 c5 2. Nc3 Nc6 3. g3 g6 4. Bg2 Bg7 5. d3 d6 6. f4 Nf6 7. Nf3 0-0 8. 0-0 Rb8 9. h3 b5 10. a3 a5 11. g4 b4 12. axb4 axb4 13. Ne2 c4 14. g5 cxd3 15. Qxd3 Nd7 16. Nfd4 Qb6 17. Be3 Nc5 18. Qd2 Ba6 19. Rf2 Bxe2 20. Rxe2 b3 21. Nxc6 Qxc6 22. e5 Qb5 23. Ra5 Qb6 24. cxb3 Nxb3 25. Bxb6 Nxd2 26. Bc7 Rxb2 27. exd6 exd6 28. Bxd6 Nc4 29. Rxb2 Bxb2 30. Bxf8 1/2-1/2

[Event "CZE-chT U20 final-A 0910"]
[Site "Pavla Vlachovice"]
[Date "2010.04.24"]
[Round "9.3"]
[White "Suchomel, Ales"]
[Black "Kolomaznikova, Barbora"]
[Result "1/2-1/2"]
[WhiteElo "1962"]
[BlackElo "1947"]
[PlyCount "92"]
[EventDate "2010.04.23"]
[EventType "team-tourn"]
[EventRounds "11"]
[EventCountry "CZE"]
[SourceTitle "EXT 2011"]
[Source "ChessBase"]
[SourceDate "2010.11.26"]
[SourceVersion "1"]
[SourceVersionDate "2010.11.26"]
[SourceQuality "1"]
[WhiteTeam "Liberec (U20)"]
[BlackTeam "Borsice (U20)"]
[WhiteTeamCountry "CZE"]
[BlackTeamCountry "CZE"]

1. e4 e5 2. Nf3 Nf6 3. Nc3 Nc6 4. Bb5 Nd4 5. Be2 d6 6. h3 Be7 7. Bd3 Ne6 8. 0-0 0-0 9. Re1 c6 10. Bf1 Qb6 11. d3 Ne8 12. Ne2 f5 13. exf5 Rxf5 14. Ng3 Rf8 15. c3 N8c7 16. Qc2 Nd5 17. Bd2 Bd7 18. Qb3 Qxb3 19. axb3 Ndf4 20. Bxf4 Nxf4 21. Nd2 h5 22. d4 h4 23. Nh1 Bf6 24. Nc4 exd4 25. cxd4 d5 26. Ne5 Bf5 27. Re3 a6 28. f3 Rae8 29. Rae1 Ne6 30. g4 Bh7 31. Nxc6 bxc6 32. Rxe6 Bxd4+ 33. Kg2 Kf7 34. Rxe8 Rxe8 35. Rxe8 Kxe8 36. Bxa6 Bxb2 37. Nf2 Bc2 38. b4 Bd4 39. Kf1 Ke7 40. f4 Ba4 41. Nd3 Kd6 42. Ke2 Bc2 43. Kd2 Ba4 44. Bc8 Bb5 45. Bf5 Bc4 46. Bg6 Bb5 1/2-1/2

[Event "CZE-chT U20 final-A 0910"]
[Site "Pavla Vlachovice"]
[Date "2010.04.23"]
[Round "8.3"]
[White "Kolomaznikova, Barbora"]
[Black "Skut, Michal"]
[Result "1-0"]
[WhiteElo "1947"]
[BlackElo "2058"]
[PlyCount "67"]
[EventDate "2010.04.23"]
[EventType "team-tourn"]
[EventRounds "11"]
[EventCountry "CZE"]
[SourceTitle "EXT 2011"]
[Source "ChessBase"]
[SourceDate "2010.11.26"]
[SourceVersion "1"]
[SourceVersionDate "2010.11.26"]
[SourceQuality "1"]
[WhiteTeam "Borsice (U20)"]
[BlackTeam "Klatovy (U20)"]
[WhiteTeamCountry "CZE"]
[BlackTeamCountry "CZE"]

1. e4 c5 2. Nc3 Nc6 3. g3 g6 4. Bg2 Bg7 5. d3 e6 6. f4 Nge7 7. Nf3 0-0 8. 0-0 d6 9. Be3 Nd4 10. e5 Nef5 11. Bf2 Nxf3+ 12. Qxf3 Nd4 13. Qd1 dxe5 14. fxe5 Rb8 15. Ne4 b6 16. Nf6+ Kh8 17. c3 Nf5 18. g4 Ne7 19. Qf3 Bb7 20. Qh3 Bxf6 21. exf6 Nd5 22. Bh4 e5 23. Bg5 Qd6 24. Rae1 Rfe8 25. Qh6 Rg8 26. c4 Nc7 27. Bxb7 Rxb7 28. Re3 Qd4 29. Kh1 Qxg4 30. Rh3 Qh5 31. Rxh5 gxh5 32. Rf5 Ne6 33. Rxe5 Rd7 34. Rxe6 1-0

[Event "Pobeskydy ArcelorMittal op 21st"]
[Site "Frydek Mistek"]
[Date "2010.04.05"]
[Round "9"]
[White "Nguyen, Dinh Phong"]
[Black "Kolomaznikova, Barbora"]
[Result "1/2-1/2"]
[WhiteElo "2192"]
[BlackElo "1911"]
[PlyCount "50"]
[EventDate "2010.04.01"]
[EventType "swiss"]
[EventRounds "9"]
[EventCountry "CZE"]
[SourceTitle "CBM 135 Extra"]
[Source "ChessBase"]
[SourceDate "2010.05.04"]
[SourceVersion "1"]
[SourceVersionDate "2010.05.04"]
[SourceQuality "1"]

1. e4 e5 2. Nf3 Nf6 3. Bc4 Nc6 4. d4 exd4 5. e5 Ne4 6. Bd5 Nc5 7. 0-0 Be7 8. c3 dxc3 9. Nxc3 0-0 10. Be3 Nb4 11. Bc4 b6 12. a3 Nc6 13. b4 Ne6 14. Qb3 a6 15. Rac1 Bb7 16. Rfd1 b5 17. Bd3 Qe8 18. Bf5 g6 19. Be4 f5 20. Bd5 Ncd8 21. Bxb7 Nxb7 22. Qd5 c6 23. Qxd7 Nbd8 24. Qd3 a5 25. Rb1 g5 1/2-1/2

[Event "Pobeskydy ArcelorMittal op 21st"]
[Site "Frydek Mistek"]
[Date "2010.04.04"]
[Round "7"]
[White "Kolomaznikova, Barbora"]
[Black "Najgebauer, Szemjon"]
[Result "0-1"]
[WhiteElo "1911"]
[BlackElo "2192"]
[PlyCount "72"]
[EventDate "2010.04.01"]
[EventType "swiss"]
[EventRounds "9"]
[EventCountry "CZE"]
[SourceTitle "CBM 135 Extra"]
[Source "ChessBase"]
[SourceDate "2010.05.04"]
[SourceVersion "1"]
[SourceVersionDate "2010.05.04"]
[SourceQuality "1"]

1. e4 c5 2. Nc3 Nc6 3. g3 g6 4. Bg2 Bg7 5. d3 e6 6. f4 d6 7. Nf3 Nge7 8. 0-0 b6 9. Be3 0-0 10. Qd2 Ba6 11. Nh4 f5 12. exf5 gxf5 13. Rae1 Qd7 14. Qd1 Rae8 15. g4 d5 16. Bd2 d4 17. Ne2 c4 18. dxc4 Bxc4 19. b3 Bd5 20. Ng3 Bxg2 21. Kxg2 Qd5+ 22. Kg1 Ng6 23. Ng2 Kh8 24. h4 fxg4 25. h5 Nge7 26. Qxg4 Nf5 27. Rf3 Rg8 28. Nxf5 exf5 29. Qh3 Qc5 30. h6 Bf6 31. Qh5 Rxe1+ 32. Bxe1 d3+ 33. Bf2 dxc2 34. Bxc5 c1Q+ 35. Kh2 Qxc5 36. Qf7 Qf8 0-1

[Event "Kouty nad Desnou op-A"]
[Site "Kouty nad Desnou"]
[Date "2010.03.11"]
[Round "7"]
[White "Kolomaznikova, Barbora"]
[Black "Havlik, Jindrich"]
[Result "1-0"]
[WhiteElo "1922"]
[BlackElo "2160"]
[PlyCount "27"]
[EventDate "2010.03.06"]
[EventType "swiss"]
[EventRounds "9"]
[EventCountry "CZE"]
[SourceTitle "CBM 135 Extra"]
[Source "ChessBase"]
[SourceDate "2010.05.04"]
[SourceVersion "1"]
[SourceVersionDate "2010.05.04"]
[SourceQuality "1"]

1. e4 e6 2. d4 b6 3. Bd3 Bb7 4. Ne2 Qh4 5. Nd2 f5 6. Nf3 Qg4 7. Ng3 Bxe4 8. Bxe4 fxe4 9. h3 Qg6 10. Ne5 Qf6 11. Nxe4 Qh4 12. Qf3 Bb4+ 13. c3 d5 14. Qf7+ 1-0

[Event "Kouty nad Desnou op-A"]
[Site "Kouty nad Desnou"]
[Date "2010.03.10"]
[Round "6"]
[White "Miculka, Petr"]
[Black "Kolomaznikova, Barbora"]
[Result "0-1"]
[WhiteElo "2007"]
[BlackElo "1922"]
[PlyCount "65"]
[EventDate "2010.03.06"]
[EventType "swiss"]
[EventRounds "9"]
[EventCountry "CZE"]
[SourceTitle "CBM 135 Extra"]
[Source "ChessBase"]
[SourceDate "2010.05.04"]
[SourceVersion "1"]
[SourceVersionDate "2010.05.04"]
[SourceQuality "1"]

1. e4 e6 2. d3 c5 3. Nf3 Nc6 4. g3 g6 5. Bg2 Bg7 6. 0-0 Nge7 7. Re1 d6 8. c3 0-0 9. h4 Rb8 10. a4 a6 11. h5 b5 12. axb5 axb5 13. h6 Bh8 14. d4 Qb6 15. d5 Nd8 16. Nh4 e5 17. f4 f5 18. exf5 Nxf5 19. Nxf5 Bxf5 20. fxe5 Bxe5 21. Rxe5 dxe5 22. d6 Nf7 23. Bd5 Kh8 24. g4 Bd7 25. Be3 Qxd6 26. Ra7 Bxg4 27. Qxg4 Qxd5 28. Rd7 Qc6 29. Qh4 Ng5 30. Qxg5 Qxd7 31. Qxe5+ Kg8 32. Bxc5 Rbe8 33. Qxe8 0-1

[Event "CZE/SVK-chT (Women)"]
[Site "Martin"]
[Date "2010.??.??"]
[Round "5"]
[White "Kolomaznikova, Barbora"]
[Black "Labedz, Patrycja"]
[Result "1/2-1/2"]
[WhiteElo "1970"]
[BlackElo "2075"]
[PlyCount "94"]
[EventDate "2010.05.??"]
[EventType "team-tourn"]
[EventRounds "7"]
[EventCountry "SVK"]
[SourceTitle "EXT 2012"]
[Source "ChessBase"]
[SourceDate "2011.11.24"]
[SourceVersion "1"]
[SourceVersionDate "2011.11.24"]
[SourceQuality "1"]

1. e4 c5 2. Nc3 Nc6 3. g3 g6 4. Bg2 Bg7 5. d3 e6 6. f4 Nge7 7. Nf3 0-0 8. 0-0 a6 9. Be3 b6 10. d4 d6 11. Ne2 cxd4 12. Nfxd4 Nxd4 13. Bxd4 e5 14. Be3 Qc7 15. c3 Rb8 16. Qe1 Be6 17. Qf2 f5 18. Qe1 Rbe8 19. Qd2 Kh8 20. Rad1 fxe4 21. Bxe4 Nf5 22. Bf2 Rd8 23. Qc2 Nh6 24. Kh1 Bf5 25. Bxf5 gxf5 26. fxe5 dxe5 27. Rxd8 Qxd8 28. Rd1 Qa8+ 29. Kg1 Qc6 30. Qd3 Ng4 31. Qd5 Qh6 32. Qg2 f4 33. gxf4 Nxf2 34. Qxf2 exf4 35. Nd4 Qg6+ 36. Kh1 Qf7 37. Nf3 b5 38. a3 Qc4 39. Qd2 Qe4 40. Qd3 Qe6 41. Ng5 Qc6+ 42. Qf3 Qh6 43. Ne4 Qh4 44. Nf2 Qe7 45. Ne4 Re8 46. Qxf4 Be5 47. Qf3 Bxh2 1/2-1/2

[Event "CZE-chTE U20 0910"]
[Site "Czech Republic"]
[Date "2009.10.03"]
[Round "1.3"]
[White "Pavelek, Tomas"]
[Black "Kolomaznikova, Barbora"]
[Result "1-0"]
[WhiteElo "1962"]
[BlackElo "1895"]
[PlyCount "66"]
[EventDate "2009.10.03"]
[EventType "team-tourn"]
[EventRounds "7"]
[EventCountry "CZE"]
[SourceTitle "EXT 2011"]
[Source "ChessBase"]
[SourceDate "2010.11.26"]
[SourceVersion "1"]
[SourceVersionDate "2010.11.26"]
[SourceQuality "1"]
[WhiteTeam "Frydek Mistek (U20)"]
[BlackTeam "Borsice (U20)"]
[WhiteTeamCountry "CZE"]
[BlackTeamCountry "CZE"]

1. e4 e6 2. d4 d5 3. Nc3 dxe4 4. Nxe4 Nd7 5. Nf3 Ngf6 6. Bg5 Be7 7. Bxf6 Nxf6 8. Bd3 0-0 9. Qe2 Nd5 10. 0-0-0 Nb4 11. Kb1 b6 12. c4 a5 13. a3 Nxd3 14. Qxd3 Ba6 15. Ne5 Qe8 16. d5 exd5 17. Qxd5 Rd8 18. Qc6 Bd6 19. Nxd6 cxd6 20. Qxe8 Rfxe8 21. Nc6 Rd7 22. Rhe1 Rxe1 23. Rxe1 Kf8 24. Nb8 Ra7 25. Rd1 Bxc4 26. Rxd6 Ke8 27. Rxb6 Bd3+ 28. Kc1 Be4 29. f3 Bf5 30. Kd2 Be6 31. Nc6 Ra8 32. Ke3 a4 33. Kd4 Bd7 1-0

[Event "EU-ch U16 Girls 19th"]
[Site "Fermo"]
[Date "2009.09.07"]
[Round "7"]
[White "Kolomaznikova, Barbora"]
[Black "Neuhauser, Salome"]
[Result "1-0"]
[WhiteElo "1864"]
[BlackElo "2021"]
[PlyCount "135"]
[EventDate "2009.08.31"]
[EventType "swiss"]
[EventRounds "9"]
[EventCountry "ITA"]
[SourceTitle "CBM 132 Extra"]
[Source "ChessBase"]
[SourceDate "2009.11.03"]
[SourceVersion "1"]
[SourceVersionDate "2009.11.03"]
[SourceQuality "1"]

1. e4 c5 2. Nc3 Nc6 3. g3 g6 4. Bg2 Bg7 5. d3 d6 6. f4 Nf6 7. Nf3 Bg4 8. h3 Bxf3 9. Bxf3 0-0 10. 0-0 Rb8 11. Be3 Nd7 12. f5 b5 13. Qd2 Nd4 14. Bg2 b4 15. Nd1 a5 16. c3 Nb5 17. Bh6 Ne5 18. Bxg7 Kxg7 19. Ne3 f6 20. h4 Qd7 21. Bh3 Qb7 22. Rae1 bxc3 23. bxc3 Na3 24. d4 Nec4 25. Nxc4 Nxc4 26. Qe2 Na3 27. Rf2 Qb6 28. Rd1 cxd4 29. cxd4 Rb7 30. e5 dxe5 31. dxe5 Rc8 32. exf6+ exf6 33. Rd2 Rc1+ 34. Kh2 Nc4 35. Rc2 Rxc2 36. Qxc2 Qc5 37. Qe2 Rb2 38. Qxb2 Nxb2 39. Rxb2 Qa3 40. Rf2 Qe3 41. Kg2 Qe4+ 42. Kh2 a4 43. Kg1 Kf7 44. Kh2 Qe3 45. Kg2 g5 46. hxg5 fxg5 47. Bg4 Qd4 48. Bf3 g4 49. Bc6 Qc4 50. Bb7 Kf6 51. Ba8 h5 52. Bb7 Ke5 53. f6 Qf7 54. Bc6 a3 55. Ba8 Kd4 56. Bc6 Ke3 57. Ba8 Kd4 58. Bc6 Kc5 59. Be4 Kd6 60. Ba8 Kd7 61. Be4 Ke8 62. Bc6+ Kf8 63. Be4 Qe6 64. Bb7 Kf7 65. Ba8 Qd6 66. Be4 Qd4 67. Bc2 Qc4 68. Bb3 1-0

[Event "Stare Mesto op"]
[Site "Stare Mesto"]
[Date "2009.08.20"]
[Round "8"]
[White "Kolomaznikova, Barbora"]
[Black "Kovac, Andrej"]
[Result "1-0"]
[WhiteElo "1864"]
[BlackElo "2126"]
[PlyCount "73"]
[EventDate "2009.08.14"]
[EventType "swiss"]
[EventRounds "10"]
[EventCountry "CZE"]
[SourceTitle "CBM 131 Extra"]
[Source "ChessBase"]
[SourceDate "2009.09.03"]
[SourceVersion "2"]
[SourceVersionDate "2009.09.16"]
[SourceQuality "1"]

1. e4 e6 2. d4 d5 3. exd5 exd5 4. Bd3 Nc6 5. c3 Bd6 6. Ne2 Nge7 7. Qc2 Bg4 8. b4 Qd7 9. h3 Bf5 10. Bf4 Bxd3 11. Qxd3 Nf5 12. Nd2 Nce7 13. Qf3 Nh4 14. Qg3 Nhf5 15. Qh2 0-0-0 16. Bxd6 cxd6 17. g3 Ng6 18. 0-0 Nfe7 19. Qg2 f5 20. c4 h5 21. a4 h4 22. a5 hxg3 23. fxg3 dxc4 24. Nxc4 d5 25. Nd2 Kb8 26. Nb3 Rh6 27. Nc5 Qd6 28. a6 Rdh8 29. axb7 Rxh3 30. Rxa7 Kxa7 31. Ra1+ Kb8 32. Ra8+ Kc7 33. Qxh3 Rd8 34. Nc3 Qb6 35. b5 Qf6 36. Ne2 Ng8 37. Rxd8 1-0